000 00740nam a2200289Ia 4500
005 20260324114052.0
008 008 260324s9999 xx 000 0 eng d
020 _a9781003412687
037 _aEBOOK
040 _aCRL
040 _beng
040 _cCRL
041 _2eng
041 _aeng
084 _qCRL
100 _aScotty Dunlap; Brian Dudak
_91149306
245 0 _aHow to Become a Successful College Student
245 4 _bThe Tools, Habits, and Skills Needed to Foster College Readiness
260 _bTaylor and Francis
260 _c2023
365 _a
365 _b62.99
856 _uhttp://www.taylorfrancis.com/books/9781003412687
942 _cEBOOK
999 _c1739290
_d1739290